Recyklácia odpadov z textilu ["recyklačné postupy a technológie v jednotlivých priemyselných odvetviach" : KEGA 3/2155/04]

Podrobná bibliografia
Hlavní autori: Badida, Miroslav, 1957- (Autor), Bosák, Martin, 1967- (Autor), Liberková, Lucia (Autor)
Médium: Kniha
Jazyk:slovenčina
Fyzický popis:34 s. fotogr., sch., tab. 29 cm
Vydavateľské údaje: Košice Technická univerzita 2006
ISBN:8080735824
Vydanie:[1. vyd.]
Predmet:

MARC

LEADER 00000nam a2200000 a 4500
001 vtls008889064
003 SK-MaSNL
005 20260301124505.0
008 240314s2006 xo ol g 000 0 slo
015 |a SNBA2007/03-00625 
020 |a 8080735824  |q (brož.) 
035 |a B0C527A1-09C0-4C63-9D7A-E212BA6652C0 
035 |a urn:nbn:sk:snk-amktj3 
035 |a urn:nbn:sk:snk-am0055w0 
040 |a SNK  |b slo  |c SNK  |e AACR2 
041 0 |a slo 
044 |a xo  |c SK 
072 7 |a 628  |x Zdravotná technika. Úprava vody. Odpadové hospodárstvo. Svetelná technika  |2 konspekt 
080 |a 628.477.6  |2 2001 
080 |a (048.8)  |2 2001 
080 |a 677.074/.077  |2 2001 
100 1 |a Badida, Miroslav,  |d 1957-  |4 aut  |9 220921 
245 1 0 |a Recyklácia odpadov z textilu  |b ["recyklačné postupy a technológie v jednotlivých priemyselných odvetviach" : KEGA 3/2155/04]  |c Miroslav Badida, Martin Bosák, Lucia Liberková 
250 |a [1. vyd.] 
260 |a Košice  |b Technická univerzita  |c 2006 
300 |a 34 s.  |b fotogr., sch., tab.  |c 29 cm 
504 |a Bibliogr. s. 34 
650 0 7 |a textílie  |2 SNKPH  |9 26276 
650 0 7 |a recyklácia odpadu  |2 SNKPH  |9 29450 
655 7 |a štúdie  |2 SNKPH  |9 57033 
700 1 |a Bosák, Martin,  |d 1967-  |4 aut  |9 98169 
700 1 |a Liberková, Lucia  |4 aut  |9 339552 
919 |a 80-8073-582-4 
958 |a NB 
968 |d 62 
999 |c 739639  |d 741569 
952 |a SNK  |b SNK  |y PREZ  |7 0  |p 17A0529927  |o snkSB 73420  |i snk2006/25623  |8 0  |0 0  |1 0  |4 0  |d 2006-12-08  |l 0  |r 2025-04-28 00:00:00  |w 2026-02-23 
952 |a SNK  |b SNK  |y VYP  |7 0  |p 17A0529907  |o snkSB 73420 D1  |i snk2006/25624  |8 0  |0 0  |1 0  |4 0  |d 2006-12-08  |l 0  |r 2016-06-30 00:00:00  |w 2026-02-23